| 000 | 00586nam a2200205Ia 4500 | ||
|---|---|---|---|
| 003 | OSt | ||
| 005 | 20230329091053.0 | ||
| 008 | 210423s2006 xx 000 0 und d | ||
| 020 | _a761934520 | ||
| 040 | _cAL | ||
| 041 | _aeng | ||
| 082 | _a302.23 SINA | ||
| 100 |
_aSINGHAL (Arvind);Dearing (James W),Ed. _979290 |
||
| 245 | _aCommunication of innovations: a journey with ev rogers. | ||
| 260 |
_aNew Delhi _bSahitya Bhawan Publications _c2006 |
||
| 300 |
_a260 _bPB |
||
| 365 |
_b380 _cINR |
||
| 906 | _aCommunication ; ev ; innovations: ; journey ; rogers. | ||
| 942 |
_2ddc _cBK |
||
| 999 |
_c156319 _d156319 |
||